<?xml version="1.0" encoding="UTF-8"?>
<record
    xmlns:xsi="http://www.w3.org/2001/XMLSchema-instance"
    xsi:schemaLocation="http://www.loc.gov/MARC21/slim http://www.loc.gov/standards/marcxml/schema/MARC21slim.xsd"
    xmlns="http://www.loc.gov/MARC21/slim">

  <leader>00522nam a2200181Ia 4500</leader>
  <controlfield tag="003">OSt</controlfield>
  <controlfield tag="005">20240829142033.0</controlfield>
  <controlfield tag="008">230314s9999    xx            000 0 und d</controlfield>
  <datafield tag="020" ind1=" " ind2=" ">
    <subfield code="a">978-93-92242-02-1</subfield>
  </datafield>
  <datafield tag="041" ind1=" " ind2=" ">
    <subfield code="a">eng</subfield>
  </datafield>
  <datafield tag="082" ind1=" " ind2=" ">
    <subfield code="a">PY/150/MAH/DB0958</subfield>
  </datafield>
  <datafield tag="100" ind1=" " ind2=" ">
    <subfield code="a">Maheshwari S K &amp; Kaur Varinder</subfield>
    <subfield code="9">180566</subfield>
  </datafield>
  <datafield tag="245" ind1=" " ind2=" ">
    <subfield code="a">Textbook of Behavioural Sciences (Psychology and Sociology)</subfield>
  </datafield>
  <datafield tag="260" ind1=" " ind2=" ">
    <subfield code="b">Vision Health Sciences Publishers</subfield>
    <subfield code="a">Mohali, Punjab</subfield>
    <subfield code="c">2021</subfield>
  </datafield>
  <datafield tag="300" ind1=" " ind2=" ">
    <subfield code="a">215p</subfield>
  </datafield>
  <datafield tag="942" ind1=" " ind2=" ">
    <subfield code="2">ddc</subfield>
    <subfield code="c">DB</subfield>
  </datafield>
  <datafield tag="999" ind1=" " ind2=" ">
    <subfield code="c">144109</subfield>
    <subfield code="d">144109</subfield>
  </datafield>
  <datafield tag="952" ind1=" " ind2=" ">
    <subfield code="0">0</subfield>
    <subfield code="1">0</subfield>
    <subfield code="4">0</subfield>
    <subfield code="7">0</subfield>
    <subfield code="8">PY</subfield>
    <subfield code="a">BTIN</subfield>
    <subfield code="b">BTIN</subfield>
    <subfield code="d">2022-04-16</subfield>
    <subfield code="g">350.00</subfield>
    <subfield code="i">55</subfield>
    <subfield code="l">10</subfield>
    <subfield code="m">3</subfield>
    <subfield code="o">PY 150 MAH DB0958</subfield>
    <subfield code="p">BTIN-DB-958</subfield>
    <subfield code="r">2026-01-29 10:57:11</subfield>
    <subfield code="s">2026-01-28</subfield>
    <subfield code="w">2022-04-16</subfield>
    <subfield code="y">DB</subfield>
    <subfield code="z">DB0958</subfield>
  </datafield>
  <datafield tag="952" ind1=" " ind2=" ">
    <subfield code="0">0</subfield>
    <subfield code="1">0</subfield>
    <subfield code="2">ddc</subfield>
    <subfield code="4">0</subfield>
    <subfield code="7">0</subfield>
    <subfield code="a">BTIN</subfield>
    <subfield code="b">BTIN</subfield>
    <subfield code="d">2024-08-08</subfield>
    <subfield code="g">450.00</subfield>
    <subfield code="i">IK#2024-25#129</subfield>
    <subfield code="l">7</subfield>
    <subfield code="m">4</subfield>
    <subfield code="o">PY 150 MAH DB1281</subfield>
    <subfield code="p">BTIN-DB-1281</subfield>
    <subfield code="r">2026-02-03 15:48:42</subfield>
    <subfield code="s">2026-02-02</subfield>
    <subfield code="w">2024-08-08</subfield>
    <subfield code="y">DB</subfield>
    <subfield code="z">DB1281</subfield>
  </datafield>
  <datafield tag="952" ind1=" " ind2=" ">
    <subfield code="0">0</subfield>
    <subfield code="1">0</subfield>
    <subfield code="2">ddc</subfield>
    <subfield code="4">0</subfield>
    <subfield code="7">0</subfield>
    <subfield code="a">BTIN</subfield>
    <subfield code="b">BTIN</subfield>
    <subfield code="d">2025-08-22</subfield>
    <subfield code="g">495.00</subfield>
    <subfield code="i">IK#2025-26#666</subfield>
    <subfield code="l">5</subfield>
    <subfield code="m">1</subfield>
    <subfield code="o">PY 150 MAH DB1387</subfield>
    <subfield code="p">BTIN-DB-1387</subfield>
    <subfield code="q">2026-06-01</subfield>
    <subfield code="r">2026-05-08 10:25:58</subfield>
    <subfield code="s">2026-05-08</subfield>
    <subfield code="w">2025-08-22</subfield>
    <subfield code="y">DB</subfield>
    <subfield code="z">DB1387</subfield>
  </datafield>
</record>
